000
00187 a2200097 4500
001
8284
090
_c
6663
_d
6663
100
_a
Morin, M
245
_a
Everest (Transfered to SOA)
260
_b
Haveap
942
_a
NUST-CAE
999
_c
243357
_d
243357